[Event "Olympiad Women 2024"]
[Site "Budapest HUN"]
[Date "2024.09.12"]
[Round "2.35"]
[Board "4"]
[White "Gareca Ordonez, Carla Angelica"]
[Black "Machlik, Monika"]
[Result "0-1"]
[WhiteElo "1778"]
[BlackElo "2109"]
[PlyCount "66"]
[EventDate "2024.09.11"]
[WhiteTeam "Bolivia"]
[BlackTeam "Norway"]
[WhiteTeamCountry "BOL"]
[BlackTeamCountry "NOR"]

1. Nf3 Nf6 2. g3 b5 3. Bg2 Bb7 4. b3 e6 5. Bb2 c5 6. O-O Be7 7. d3 ({RR} 7. d4 O-O 8. Nbd2 d5 9. a4 bxa4 10. Rxa4 Nbd7 11. Qa1 a6 12. Ne5 Nb6 13. Ra5 cxd4 14. Bxd4 Bb4 15. Rd1 Bxa5 16. Qxa5 Nbd7 17. Qa1 Nxe5 18. Bxe5 Qe7 19. c4 Rfd8 20. c5 Qxc5 21. Bxf6 gxf6 {0-1 Issani,N (2074)-Gholami Orimi,M (2470) Titled Tue 26th Mar Late 2024 (3)}) 7... d5 8. Nbd2 O-O 9. Re1 $146 ({RR} 9. a4 a6 10. axb5 axb5 11. Rxa8 Bxa8 12. Re1 Nc6 13. Ne5 Nxe5 14. Bxe5 Nd7 15. Bb2 Bc6 16. Qa1 {½-½ Ruzicka,P (2286)-Kantorik,M (2341) Tatry op Tatranske Zruby 2008 (4)}) ({RR} 9. c4 a6 10. a3 Qb6 11. Qc2 Nc6 12. Ne5 Rac8 13. Ndf3 Rfd8 14. Nxc6 Bxc6 15. Ne5 Bb7 16. a4 bxc4 17. bxc4 d4 18. Bxb7 Qxb7 19. Rfb1 Qc7 20. Nf3 e5 21. Bc1 Nd7 22. Bd2 h6 23. Rb3 Qc6 {0-1 Sarabun,M-Vasilevich,T (2326) Alushta Rapid op 2022 (10)}) 9... Nc6 10. c4 a6 11. Rc1 Qb6 12. cxd5 Nxd5 13. Ne4 Rac8 14. e3 Rfd8 15. Nfg5 h6 16. Nxf7 Kxf7 17. Qh5+ Kg8 18. Qg6 e5 19. Nxc5 Bf6 20. Be4 Nce7 21. Qh7+ Kf7 22. Nxb7 Qxb7 23. Bg2 Rxc1 24. Rxc1 Rc8 25. Re1 Qd7 26. d4 Ng6 27. Be4 Nde7 28. dxe5 Rh8 29. e6+ Qxe6 30. Qxh8 Nxh8 31. Bxf6 Qxe4 32. Bd4 Nc6 33. Bc5 Ne5 0-1

[Event "Olympiad Women 2024"]
[Site "Budapest HUN"]
[Date "2024.09.12"]
[Round "2.36"]
[Board "1"]
[White "Gong, Qianyun"]
[Black "Rogule, Laura"]
[Result "1/2-1/2"]
[WhiteElo "2250"]
[BlackElo "2248"]
[PlyCount "128"]
[EventDate "2024.09.11"]
[WhiteTeam "Singapore"]
[BlackTeam "Latvia"]
[WhiteTeamCountry "SIN"]
[BlackTeamCountry "LAT"]

1. e4 c5 2. c3 d5 3. exd5 Qxd5 4. d4 e6 5. Nf3 a6 6. Be2 Nf6 7. O-O Nc6 8. Be3 cxd4 9. cxd4 Be7 10. Nc3 Qd6 11. Qd2 O-O 12. Bf4 Qd8 13. Rac1 b5 $146 ({RR} 13... Nb4 14. Be5 Bd7 15. a3 Nbd5 16. Bd3 Bc6 17. Ne2 Rc8 18. Bb1 Nd7 19. Bg3 N5f6 20. Qd3 Be4 21. Rxc8 Qxc8 22. Qb3 Bxb1 23. Rxb1 Qa8 24. Nf4 b5 25. Nxe6 fxe6 26. Qxe6+ Rf7 27. Ng5 Qd5 28. Qxf7+ {0-1 Ibarra Chami,L (2423)-Gonzalez Zamora,J (2474) ch-Mexico 2024 (7.2)}) 14. Rfd1 Bb7 15. Qe1 Rc8 16. Bf1 Nd5 17. Bg3 Nxc3 18. bxc3 Na5 19. Ne5 Ba3 20. Rc2 Bd5 21. Bd3 Nc4 22. Qe2 Nxe5 23. Bxe5 Qg5 24. Be4 Bxe4 25. Qxe4 Qg6 26. Qe2 Rc4 27. Rd3 f6 28. Bg3 Qf5 29. Re3 Kf7 30. Rd2 Qd5 31. Rdd3 Rfc8 32. h3 a5 33. Kh2 Bc1 34. Rf3 Ra4 35. Rd1 Ba3 36. Rb1 Rac4 37. Re3 a4 38. Qc2 g6 39. Qd2 R8c6 40. Rf3 Kg7 41. Qe2 Be7 42. Re3 Kf7 43. Qe1 Bd8 44. Rf3 Kg7 45. Bf4 Ba5 46. Bd2 Bc7+ 47. Kg1 g5 48. Rd3 Rb6 49. Qe2 Rcc6 50. Be3 Rb8 51. Rf1 h6 52. f4 Rf8 53. Bc1 Bd6 54. Rdf3 b4 55. cxb4 Bxb4 56. Be3 Be7 57. Qf2 Rc3 58. Re1 Ra3 59. Re2 Rd3 60. Re1 Ra3 61. Re2 Rd3 62. Re1 Ra3 63. Re2 Rd3 64. Re1 Ra3 1/2-1/2

[Event "Olympiad Women 2024"]
[Site "Budapest HUN"]
[Date "2024.09.12"]
[Round "2.36"]
[Board "2"]
[White "Ter-Avetisjana, Agnesa Stepania"]
[Black "Pang, Kay Yan Eden"]
[Result "0-1"]
[WhiteElo "2134"]
[BlackElo "1847"]
[PlyCount "136"]
[EventDate "2024.09.11"]
[WhiteTeam "Latvia"]
[BlackTeam "Singapore"]
[WhiteTeamCountry "LAT"]
[BlackTeamCountry "SIN"]

1. e4 c5 2. Nf3 e6 3. c4 d6 4. Nc3 Nc6 5. d4 cxd4 6. Nxd4 Be7 7. Be3 Nf6 8. Be2 O-O 9. O-O Nxd4 10. Qxd4 ({RR} 10. Bxd4 b6 11. Qd2 Bb7 12. f3 Nd7 13. Rfd1 a6 14. Bf1 Rb8 15. b4 Qc7 16. Rac1 Rfc8 17. Qf2 Ba8 18. Qg3 Bf8 19. a3 g6 20. f4 Bh6 21. Qh4 Bxf4 22. Qxf4 e5 23. Qf2 exd4 24. Rxd4 Ne5 {1-0 Banusz,T (2606)-Flumbort,A (2436) HUN-chT 1819 2018 (9.2)}) 10... b6 ({RR} 10... Bd7 11. b4 Qc7 12. Rac1 Rfd8 13. f4 b6 14. g4 e5 15. Qd1 Qb7 16. Bf3 Bc6 17. b5 Be8 18. g5 Nd7 19. f5 f6 20. Nd5 Nc5 21. gxf6 Bxf6 22. Rc2 Bf7 23. Nxf6+ gxf6 24. Bh6 Kh8 25. Rg2 {1-0 Indriunas,M (2285)-Giese,T (1980) 21st Lienz Open 2023 (2.19)}) 11. Rad1 Bb7 12. f4 $146 ({RR} 12. e5 dxe5 13. Qxe5 Qb8 14. Qg5 Nd5 15. Qh5 Nxc3 16. bxc3 Bf6 17. Qg4 Bxc3 18. Rd3 Be5 19. Bc1 Bxh2+ 20. Kh1 f5 21. Qh4 Be5 22. Rfd1 Bf6 23. Bg5 Bxg5 24. Qxg5 Qe5 25. Rg3 Qf6 26. Qxf6 Rxf6 {0-1 Giehl,T-Stock,J (2045) Karl Mala Memorial op 01st 1997 (6)}) ({RR} 12. f3 Qb8 13. b4 Rd8 14. a3 Ne8 15. Qd3 Nc7 16. Qc2 Qc8 17. Qb3 Bf6 18. Bd4 e5 19. Be3 Qe6 20. a4 Be7 21. Bd3 g5 22. g4 Qg6 23. c5 bxc5 24. bxc5 Bc6 25. cxd6 Bxd6 26. Bc4 Rdb8 {1-0 Papp,J (2054)-Csukas,T (1943) HUN-chT2 Toth 0809 2008 (6.4)}) 12... Re8 13. Bf3 Qc8 14. Qd3 Rd8 15. Qe2 Bc6 16. g4 Qb7 17. Qg2 a6 18. a4 Rac8 19. f5 Nd7 20. g5 exf5 21. Nd5 Bxd5 22. Rxd5 Ne5 23. Be2 Nxc4 24. Bd4 Ne5 25. Rxf5 Rc1+ 26. Bf1 Rdc8 27. Bc3 Ra1 28. Qf2 g6 29. Rf3 Nxf3+ 30. Qxf3 Rc5 31. Qd3 Rxd5 32. exd5 Qc8 33. b3 Qg4+ 34. Kf2 Ra2+ 35. Be2 Qf5+ 36. Qxf5 gxf5 37. Kf3 Bxg5 38. Bxa6 Rxh2 39. Bf1 Rh1 40. Kg2 Rh4 41. Bd3 Rg4+ 42. Kf3 Bh4 43. Bd2 Rd4 44. Ke2 Rxd5 45. Bc3 f4 46. Be4 Rg5 47. Bd4 d5 48. Bf3 Rg6 49. Kd3 Rd6 50. Be5 Re6 51. Bd4 Bf6 52. Bf2 d4 53. b4 Kg7 54. Kc4 Rd6 55. Be4 h5 56. a5 bxa5 57. bxa5 h4 58. Kc5 Rd8 59. a6 d3 60. a7 d2 61. Bf3 h3 62. Bg1 h2 63. Bxh2 Bd4+ 64. Kc4 Bxa7 65. Bd1 f3 66. Be5+ f6 67. Bg3 f2 68. Bxf2 Bxf2 0-1

[Event "Olympiad Women 2024"]
[Site "Budapest HUN"]
[Date "2024.09.12"]
[Round "2.36"]
[Board "3"]
[White "Rice, Lauren"]
[Black "Krumina, Linda"]
[Result "1/2-1/2"]
[WhiteElo "1824"]
[BlackElo "2091"]
[PlyCount "106"]
[EventDate "2024.09.11"]
[WhiteTeam "Singapore"]
[BlackTeam "Latvia"]
[WhiteTeamCountry "SIN"]
[BlackTeamCountry "LAT"]

1. d4 Nf6 2. c4 e6 3. Nf3 d5 4. g3 Bb4+ 5. Bd2 Be7 6. Bg2 Nbd7 7. O-O O-O 8. Qc2 c6 9. Rd1 Ne4 10. Nc3 f5 11. Bf4 g5 12. Be5 g4 13. Ne1 Nxe5 14. dxe5 Qb6 15. e3 $146 ({RR} 15. Nxe4 fxe4 16. e3 Rf5 17. Qe2 h5 18. h3 Rg5 19. Rac1 Bd7 20. Bxe4 Rxe5 21. Bb1 Rg5 22. Qc2 Rg7 23. Ng2 Rf8 24. hxg4 hxg4 25. Nf4 e5 26. Ng6 Bf5 27. Nxe7+ Rxe7 28. Qe2 Be6 29. cxd5 Bxd5 {½-½ Geller,A (2063)-Wehr,S (2047) Regionalliga Sued-Ost 1819 2018 (7.8)}) 15... Bg5 16. Nxe4 dxe4 17. Bxe4 fxe4 18. Qxe4 Qxb2 19. Nc2 Rf5 20. Rd2 Qxe5 21. Qxg4 Qg7 22. Rad1 e5 23. c5 Rf8 24. Qc4+ Qf7 25. Qe2 Be6 26. h4 Be7 27. Nb4 Bxc5 28. Nd3 Bd6 29. Nf4 exf4 30. Rxd6 fxe3 31. Qxe3 Rae8 32. R1d4 Bd5 33. Rg4+ Qg7 34. Rxg7+ Kxg7 35. Rd7+ Kf6 36. Qg5+ Ke6 37. Rxb7 Kd6 38. Rb1 Rf7 39. Qd2 Re4 40. Qh6+ Re6 41. Qd2 Re4 42. Rd1 Rfe7 43. Qa5 h5 44. Qd2 Kd7 45. Qa5 Ke8 46. Rxd5 cxd5 47. Qxd5 R4e5 48. Qc6+ Kf7 49. Qh6 a5 50. Qh7+ Kf6 51. Qh6+ Kf7 52. Qh7+ Kf6 53. Qh6+ Kf7 1/2-1/2

[Event "Olympiad Women 2024"]
[Site "Budapest HUN"]
[Date "2024.09.12"]
[Round "2.36"]
[Board "4"]
[White "Vidruska, Renate"]
[Black "Fang, Kun"]
[Result "0-1"]
[WhiteElo "2035"]
[BlackElo "1769"]
[PlyCount "116"]
[EventDate "2024.09.11"]
[WhiteTeam "Latvia"]
[BlackTeam "Singapore"]
[WhiteTeamCountry "LAT"]
[BlackTeamCountry "SIN"]

1. e4 e5 2. Nf3 Nc6 3. Bc4 Bc5 4. c3 Nf6 5. d3 d6 6. O-O h6 7. Re1 O-O 8. h3 a6 9. a4 Re8 10. Nbd2 Ba7 11. b4 Be6 12. Bxe6 Rxe6 13. Bb2 ({RR} 13. Qc2 Qd7 14. Nf1 d5 15. Be3 Bxe3 16. Nxe3 Ne7 17. a5 Ng6 18. g3 Rd8 19. Kg2 Qc6 20. Nf5 Ne7 21. Nxe7+ Rxe7 22. c4 dxe4 23. dxe4 Qe8 24. Rad1 c5 25. bxc5 Rc8 26. Nh4 Rxc5 27. Nf5 Rd7 {1-0 Ding,L (2791)-Carlsen,M (2863) Carlsen Inv Final 4 rapid 2020 (1.2)}) 13... Ne7 14. Nf1 Ng6 15. c4 ({RR} 15. Ng3 Qd7 16. c4 Rae8 17. Bc1 c6 18. a5 d5 19. Be3 Bxe3 20. fxe3 dxe4 21. dxe4 Rd6 22. Qc2 Rd8 23. Nf5 Rd3 24. N5d4 Rxe3 25. Rxe3 exd4 26. Rd3 Qe7 27. Rxd4 Rxd4 28. Nxd4 Qxb4 29. Kh1 Qc5 {1-0 Kandil,A (2311)-Tologontegin,S (2369) Titled Tue 13th Feb Late 2024 (7)}) 15... Qe8 $146 ({RR} 15... Nh7 16. Bc1 Nh4 17. Nxh4 Qxh4 18. Be3 Bxe3 19. Nxe3 Qd8 20. a5 Rg6 21. Rf1 Ng5 22. Kh2 Ne6 23. g3 c6 24. Qh5 Rg5 25. Qe2 Nd4 26. Qd1 Rg6 27. Ra2 Qe7 28. f4 exf4 29. Rxf4 Rf6 30. Raf2 {½-½ Macovei,A (2453)-Van den Doel,E (2587) BL2-Sued 2122 2022 (7.2)}) 16. Ng3 c6 17. a5 Rd8 18. Qc2 d5 19. Nf5 Bb8 20. g3 Ne7 21. Ne3 d4 22. Ng2 Nh7 23. Nd2 Qd7 24. Nb3 Ng5 25. Nc5 Nf3+ 26. Kh1 Qc8 27. Nxe6 Qxe6 28. g4 Nxe1 29. Rxe1 Ng6 30. Bc1 Qf6 31. Qe2 Bc7 32. Bd2 Re8 33. Rf1 Re6 34. f3 Qe7 35. Qe1 Rf6 36. Qg3 Bd6 37. Qe1 Bc7 38. Kh2 Re6 39. Qg3 Bd8 40. Qe1 Bc7 41. Qc1 Bd8 42. Kh1 Nh4 43. f4 Nxg2 44. Kxg2 exf4 45. Rxf4 Bc7 46. Rf5 Rf6 47. Qg1 Rxf5 48. gxf5 Be5 49. Kf3 Kh7 50. Qg4 Bd6 51. c5 Be5 52. Ke2 Qe8 53. f6 Bxf6 54. Qf5+ Kg8 55. Bxh6 Qe6 56. Bf4 Bh4 57. Qxe6 fxe6 58. e5 Kf7 0-1

[Event "Olympiad Women 2024"]
[Site "Budapest HUN"]
[Date "2024.09.12"]
[Round "2.37"]
[Board "1"]
[White "Alinasab, Mobina"]
[Black "Ortez, Andrea"]
[Result "1-0"]
[WhiteElo "2336"]
[BlackElo "1948"]
[PlyCount "63"]
[EventDate "2024.09.11"]
[WhiteTeam "Iran"]
[BlackTeam "El Salvador"]
[WhiteTeamCountry "IRI"]
[BlackTeamCountry "ESA"]

1. e4 c5 2. Nf3 Nc6 3. Bb5 g6 4. Bxc6 dxc6 5. d3 Bg7 6. h3 Nf6 7. Nc3 Nd7 8. Be3 e5 9. Qd2 h6 10. O-O Qe7 11. Nh2 Nf8 12. f4 exf4 13. Bxf4 Ne6 14. Bg3 Nd4 15. Rae1 h5 ({RR} 15... O-O 16. e5 Nf5 17. Bf2 h5 18. Nf3 b6 19. Ne4 Qe6 20. Qf4 Qxa2 21. g4 Nh6 22. Bh4 {1-0 Zhao,J (2607)-Cheparinov,I (2711) CHN-chT China 2018 (21.3)}) ({RR} 15... O-O 16. Nd1 b6 17. c3 Ne6 18. e5 Ba6 19. Ng4 Qg5 20. Re3 Rad8 21. Ndf2 Bxd3 22. Nxd3 c4 23. Qf2 Rxd3 24. Rxd3 cxd3 25. Bh4 Qf5 26. Qe3 Qh5 27. Nf6+ Bxf6 28. Bxf6 g5 29. Qxd3 Qg6 30. Qxg6+ {½-½ Levi,N (2152)-Djurovic,P (2292) Srdja Dragasevic Mem 2024 (3.17)}) 16. Nd5 $146 ({RR} 16. e5 Bf5 17. Nf3 O-O-O 18. Ne4 Bxe4 19. Rxe4 Nf5 20. Bf2 b6 21. a3 f6 22. e6 Nd6 23. Re2 Nc4 24. Qc3 Ne5 25. Bg3 Rhf8 26. Nxe5 fxe5 27. Rxf8 Rxf8 28. Bxe5 Qxe6 29. Re4 Bxe5 30. Rxe5 Qf7 {½-½ Fargere,F (2407)-Barros Rivadeneira,C (2273) Capablanca Memorial op 49th 2014 (5)}) 16... cxd5 17. exd5 Ne6 18. dxe6 Bxe6 19. Be5 Bh6 20. Bf4 Bg7 21. Nf3 Qd7 22. Be5 Bh6 23. Qc3 O-O 24. Qxc5 Rac8 25. Qf2 Rfe8 26. a3 b5 27. Bc3 a6 28. Qh4 Qd8 29. Qf2 Qc7 30. Kh1 Qd6 31. Nd2 Bd7 32. Qxf7# 1-0

[Event "Olympiad Women 2024"]
[Site "Budapest HUN"]
[Date "2024.09.12"]
[Round "2.37"]
[Board "2"]
[White "Garcia, Angie"]
[Black "Azali, Tannaz"]
[Result "0-1"]
[WhiteElo "2015"]
[BlackElo "2125"]
[PlyCount "92"]
[EventDate "2024.09.11"]
[WhiteTeam "El Salvador"]
[BlackTeam "Iran"]
[WhiteTeamCountry "ESA"]
[BlackTeamCountry "IRI"]

1. e4 c5 2. Nf3 e6 3. d4 cxd4 4. Nxd4 a6 5. c4 Nf6 6. Nc3 Bb4 7. Qd3 d6 8. Bd2 Nbd7 ({RR} 8... O-O 9. Be2 Nc6 10. Nxc6 bxc6 11. O-O e5 12. Rad1 Be6 13. a3 Bc5 14. Na4 Bd4 15. Be3 c5 16. Nc3 Rb8 17. Qd2 Qb6 18. Rb1 Qb3 19. Rfc1 Rfc8 20. Bd1 Qb7 21. Bf3 Bxc4 22. Bg5 Nd7 23. Be7 {0-1 Pranav,V (2604)-Veinberg,N (2410) Titled Tue 23rd Apr Late 2024 (11)}) 9. f3 Ne5 10. Qc2 Bd7 11. Nb3 $146 ({RR} 11. Be2 Rc8 12. Qb3 Bc5 13. Nc2 Qc7 14. Be3 Bxe3 15. Nxe3 Qc5 16. Na4 Bxa4 17. Qxa4+ b5 18. Qxa6 O-O 19. Qa3 Qxa3 20. bxa3 Nxc4 21. Nxc4 bxc4 22. e5 dxe5 23. Rc1 c3 24. Kf2 Nd5 25. Bb5 Rc5 {0-1 Atanasovski,B-Petkovski,V (2092) FRM-chT Struga 2018 (7.6)}) 11... Rc8 12. a3 Bxc3 13. Bxc3 Ba4 14. Bxe5 dxe5 15. Qc3 Nxe4 16. fxe4 Qh4+ 17. Ke2 Qxe4+ 18. Kf2 Qf4+ 19. Ke1 Qh4+ 20. Kd2 Rd8+ 21. Ke2 Qe4+ 22. Kf2 Qf4+ 23. Ke1 Bxb3 24. Be2 Ba4 25. Qb4 Bc6 26. Rf1 Qxh2 27. Rf2 Qh4 28. Rc1 e4 29. Rc3 Qg5 30. Qb3 Qd2+ 31. Kf1 e3 32. Rf4 Bxg2+ 33. Kxg2 Qxe2+ 34. Kg3 Qe1+ 35. Kf3 e2 36. Re3 Qh1+ 37. Kxe2 O-O 38. Rg3 Qh5+ 39. Rff3 e5 40. Qc3 Rd4 41. Kf2 Rfd8 42. Kg2 Rd1 43. Rh3 Qg5+ 44. Rhg3 R8d2+ 45. Rf2 Rxf2+ 46. Kxf2 Qd2+ 0-1

[Event "Olympiad Women 2024"]
[Site "Budapest HUN"]
[Date "2024.09.12"]
[Round "2.37"]
[Board "3"]
[White "Karimi, Setayesh"]
[Black "Zavala Galindo, Alejandra Beatriz"]
[Result "1-0"]
[WhiteElo "2105"]
[BlackElo "1870"]
[PlyCount "83"]
[EventDate "2024.09.11"]
[WhiteTeam "Iran"]
[BlackTeam "El Salvador"]
[WhiteTeamCountry "IRI"]
[BlackTeamCountry "ESA"]

1. d4 Nf6 2. c4 c5 3. d5 d6 4. Nc3 e6 5. e4 exd5 6. cxd5 g6 7. f4 Bg7 8. Bb5+ Nfd7 9. a4 O-O 10. Nf3 Na6 11. O-O Nb4 12. Be3 a6 13. Be2 Re8 ({RR} 13... Bh6 14. Qd2 Nf6 15. Ng5 Re8 16. Bf3 Bg4 17. f5 Bxf3 18. Rxf3 Ng4 19. Bf4 Nc2 20. fxg6 fxg6 21. Nf7 Kxf7 22. Bxh6+ Kg8 23. Bg5 Qb6 24. Qxc2 c4+ 25. Kh1 Rf8 26. Raf1 h6 27. Bc1 Ne5 28. Rxf8+ {1-0 Hakobyan,A (2616)-Alonso Rosell,A (2562) Chessable Masters Play-In 2024 (9)}) 14. Bf2 Qc7 ({RR} 14... f5 15. e5 dxe5 16. d6 exf4 17. Re1 h6 18. Nd5 Re4 19. Nd2 Nxd5 20. Nxe4 Ne3 21. Bxe3 fxe3 22. Qd5+ Kh7 23. Nxc5 Nf6 24. Qe5 Ne4 25. Qe7 Qxd6 26. Qxd6 Nxd6 27. Red1 Bf8 28. a5 Kg7 29. Kf1 {½-½ LCZero 0.30-dag-bord-lf_78496 (3589)-rofChade 3.0 (3486) TCEC 23 Premier 2022 (39.3)}) 15. Nd2 $146 ({RR} 15. a5 f5 16. e5 dxe5 17. d6 Qc6 18. Bc4+ Kh8 19. Ng5 Bf6 20. Nf7+ Kg7 21. Nd5 Nxd5 22. Bxd5 Qb5 23. fxe5 Nxe5 24. Nxe5 Bxe5 25. Bb3 Rd8 26. Ba4 Qb4 27. d7 b5 28. Qd5 Qf4 29. g3 Qe4 {½-½ Kalyapin,A (1865)-Vavulin,M (2227) Moscow-ch sf 2012 (1)}) ({RR} 15. Bg3 Nf6 16. Nd2 c4 17. Rc1 b5 18. Kh1 Bd7 19. axb5 axb5 20. b3 Na2 21. Nxa2 Rxa2 22. Rc2 Rxc2 23. Qxc2 c3 24. Bf3 Rc8 25. Nb1 b4 26. Rd1 Ng4 27. Bxg4 Bxg4 28. Re1 Qc5 29. h3 Bd7 {0-1 Fuchs,O-Ranft,S (2118) Aeskulap op 16th 1999 (3)}) 15... Rb8 16. Nc4 Nb6 17. Nd2 Nd7 18. Re1 Nf8 19. Nc4 b6 20. e5 dxe5 21. fxe5 Bf5 22. Bg3 Qd8 23. Nd6 Bc2 24. Qd2 Rxe5 25. Bxe5 Bxe5 26. Nc4 Bd4+ 27. Kh1 Bf5 28. Rf1 Nxd5 29. Nxd5 Qxd5 30. Ne3 Qe5 31. Nxf5 gxf5 32. Bd3 Be3 33. Qc2 f4 34. Bxa6 Re8 35. Bc4 Ne6 36. Qb3 Rb8 37. Rad1 Kf8 38. Rd5 Qc7 39. Rh5 Nd4 40. Qd3 Ke7 41. Qe4+ Kf8 42. Rxh7 1-0

[Event "Olympiad Women 2024"]
[Site "Budapest HUN"]
[Date "2024.09.12"]
[Round "2.37"]
[Board "4"]
[White "Barahona, Dalila Yamileth"]
[Black "Behzad Nazif, Parva"]
[Result "1-0"]
[WhiteElo "1833"]
[BlackElo "2092"]
[PlyCount "72"]
[EventDate "2024.09.11"]
[WhiteTeam "El Salvador"]
[BlackTeam "Iran"]
[WhiteTeamCountry "ESA"]
[BlackTeamCountry "IRI"]

1. c4 e5 2. g3 c6 3. d4 Bb4+ 4. Bd2 Bxd2+ 5. Qxd2 d6 6. Nc3 Nf6 7. Bg2 O-O 8. e3 Re8 9. dxe5 dxe5 10. Qxd8 Rxd8 11. Nf3 Re8 12. O-O a5 $146 ({RR} 12... Bf5 13. b3 Nbd7 14. Nh4 Be6 15. Rfd1 Rad8 16. Rd2 Nc5 17. Rad1 Rxd2 18. Rxd2 a5 19. Nf3 Bf5 20. Nh4 Bc8 21. Nf3 h6 22. Rd6 Kf8 23. Rd1 Bf5 24. h3 Nfe4 25. Nxe4 Bxe4 26. Nh4 Bh7 27. Nf3 {0-1 Snape,I (2219)-Shaw,J (2469) BCF-chT1b 0809 (4NCL) 2008 (4.5)}) 13. Rad1 Bg4 14. Rd2 h6 15. h3 Bxf3 16. Bxf3 Na6 17. Rfd1 Nc5 18. b3 Kf8 19. Kf1 Ke7 20. Bg2 Ra6 21. Rb1 Rb6 22. Ke2 Ra8 23. Kd1 Rb4 24. Bf1 Nfe4 25. Nxe4 Nxe4 26. Rc2 a4 27. Bg2 Nc5 28. Rc3 axb3 29. axb3 Ra2 30. Rc2 Ra3 31. Rc3 Raxb3 32. Rbxb3 Rxb3 33. Kc2 Rb4 34. f4 Na4 35. Rb3 Rxc4+ 36. Kd3 b5 1-0

[Event "Olympiad Women 2024"]
[Site "Budapest HUN"]
[Date "2024.09.12"]
[Round "2.38"]
[Board "1"]
[White "Mayorga Araya, Sofia"]
[Black "Narva, Mai"]
[Result "0-1"]
[WhiteElo "2059"]
[BlackElo "2420"]
[PlyCount "76"]
[EventDate "2024.09.11"]
[WhiteTeam "Costa Rica"]
[BlackTeam "Estonia"]
[WhiteTeamCountry "CRI"]
[BlackTeamCountry "EST"]

1. e4 e5 2. Nf3 Nc6 3. Bb5 a6 4. Ba4 d6 5. c3 Bd7 6. O-O Nge7 7. d4 Ng6 8. Re1 Be7 9. Nbd2 O-O 10. Nf1 exd4 11. cxd4 Bg4 12. Bxc6 bxc6 13. h3 ({RR} 13. Ne3 Bd7 14. b3 f5 15. exf5 Bxf5 16. Nxf5 Rxf5 17. Qd3 Qd7 18. Bd2 Raf8 19. Qe4 Rd5 20. Rac1 Bf6 21. g3 Ne7 22. Qe6+ Qxe6 23. Rxe6 Nf5 24. Rxc6 Nxd4 25. Nxd4 Bxd4 26. Be3 Bxe3 27. Rxe3 Rd1+ {½-½ Andreikin,D (2729)-Alekseenko,K (2650) Titled Tue 9th Jan Late 2024 (7)}) 13... Bd7 14. Be3 $146 ({RR} 14. Ng3 Re8 15. b3 a5 16. Bb2 d5 17. Rc1 Qb8 18. Ne5 Nxe5 19. dxe5 Bf8 20. Nf5 Qc8 21. Ng3 a4 22. exd5 cxd5 23. Qxd5 Be6 24. Qf3 axb3 25. axb3 Ra2 26. Bd4 Rd8 27. Bc5 Bxc5 28. Rxc5 h6 {0-1 Matinian,N (2407)-Alekseenko,K (2686) Titled Tue 7th Mar Early 2023 (5)}) 14... f5 15. exf5 Bxf5 16. Ng3 Be6 17. Ng5 Bxg5 18. Bxg5 Qxg5 19. Rxe6 Nf4 20. Re3 h5 21. Qf1 h4 22. Ne2 Nd5 23. Re4 Rae8 24. Rg4 Qd2 25. Nc3 Ne3 26. fxe3 Qxe3+ 27. Kh1 Rxf1+ 28. Rxf1 Rf8 29. Rd1 d5 30. Rxh4 Rf2 31. Rg4 Rxb2 32. Na4 Rxa2 33. Nc5 a5 34. Nd7 Re2 35. Rb1 Re1+ 36. Rxe1 Qxe1+ 37. Kh2 a4 38. Rg3 Qb4 0-1

[Event "Olympiad Women 2024"]
[Site "Budapest HUN"]
[Date "2024.09.12"]
[Round "2.38"]
[Board "2"]
[White "Olde, Margareth"]
[Black "Rodriguez Arrieta, Maria Elena"]
[Result "1-0"]
[WhiteElo "2135"]
[BlackElo "1941"]
[PlyCount "105"]
[EventDate "2024.09.11"]
[WhiteTeam "Estonia"]
[BlackTeam "Costa Rica"]
[WhiteTeamCountry "EST"]
[BlackTeamCountry "CRI"]

1. d4 Nf6 2. Nf3 e6 3. c4 Bb4+ 4. Nbd2 O-O 5. a3 Bxd2+ 6. Qxd2 d6 7. e3 Qe7 8. Be2 Nbd7 9. O-O e5 10. Qc2 a5 11. b3 e4 12. Nd2 Re8 13. Bb2 c6 $146 ({RR} 13... d5 14. Rae1 Nb6 15. f3 Bf5 16. fxe4 Bg6 17. cxd5 Nxe4 18. Bd3 Nxd5 19. Nf3 Ng5 20. Nxg5 Bxd3 21. Qxd3 Qxg5 22. e4 Qg6 23. Qc4 Nf6 24. e5 Ne4 25. Qxc7 Nd2 26. Rf2 Rec8 27. Qxb7 Rab8 28. Qd5 {1-0 Marakovits,N (2252)-Rakshitta,R (2271) Ceske Budejovice IM 2024 (4.1)}) 14. Rae1 Nf8 15. f3 d5 16. fxe4 Nxe4 17. cxd5 Nxd2 18. Qxd2 cxd5 19. Bf3 Qg5 20. Qf2 Ng6 21. Bc1 Qd8 22. e4 dxe4 23. Bxe4 Rf8 24. a4 Qd6 25. h4 Ra6 26. h5 Ne7 27. h6 g6 28. Bf4 Qb4 29. Be5 f6 30. Bd3 Rc6 31. Bb5 Rc3 32. Bf4 Nd5 33. Bd2 Qxb3 34. Bxc3 Qxc3 35. Rc1 Qb4 36. Rc4 Qd6 37. Rc5 Be6 38. Bc4 b6 39. Rb5 Nc7 40. Bxe6+ Qxe6 41. Rb2 Nd5 42. Qe2 Qxe2 43. Rxe2 Nc3 44. Re7 Rf7 45. Rfe1 Nxa4 46. d5 Nc5 47. d6 b5 48. Rxf7 Kxf7 49. Re7+ Kf8 50. Rxh7 b4 51. Rh8+ Kf7 52. Rb8 g5 53. h7 1-0

[Event "Olympiad Women 2024"]
[Site "Budapest HUN"]
[Date "2024.09.12"]
[Round "2.38"]
[Board "3"]
[White "Acevedo Mendez, Jennifer"]
[Black "Blokhin, Sofia"]
[Result "0-1"]
[WhiteElo "1836"]
[BlackElo "2036"]
[PlyCount "88"]
[EventDate "2024.09.11"]
[WhiteTeam "Costa Rica"]
[BlackTeam "Estonia"]
[WhiteTeamCountry "CRI"]
[BlackTeamCountry "EST"]

1. e4 c5 2. Nf3 e6 3. d4 cxd4 4. Nxd4 a6 5. c4 Nf6 6. Nc3 Bb4 7. Qd3 Qc7 8. a3 Bxc3+ 9. Qxc3 O-O ({RR} 9... Nxe4 10. Nb5 axb5 11. Qxg7 Rf8 12. Bh6 Qc5 13. f3 b4 14. fxe4 Nc6 15. Qxf8+ Qxf8 16. Bxf8 Kxf8 17. Bd3 bxa3 18. Rxa3 Rxa3 19. bxa3 d6 20. Kd2 Ne5 21. Be2 Bd7 22. Ke3 Bc6 23. Rc1 Nd7 24. h4 {1-0 Nepomniachtchi,I (2730)-Svidler,P (2753) Wch Blitz 8th 2014 (5)}) 10. Bd3 ({RR} 10. f3 d5 11. Bg5 Nbd7 12. exd5 exd5 13. O-O-O dxc4 14. Bxc4 Kh8 15. Bb3 Qxc3+ 16. bxc3 b5 17. Rhe1 Nc5 18. Bxf6 gxf6 19. Re7 Nxb3+ 20. Nxb3 Be6 21. Nc5 Bc4 22. Nd7 Rg8 23. g3 Rge8 24. Rde1 Rxe7 {½-½ Alexandri,D (2008)-Blokhin,S (2052) 32nd EY Girls U18 2024 (8.6)}) 10... Nc6 ({RR} 10... d5 11. exd5 exd5 12. O-O Nbd7 13. Re1 Nc5 14. Bc2 Ne6 15. Nxe6 Bxe6 16. Bg5 Ng4 17. Qh3 Nh6 18. Qe3 Ng4 19. Qh3 Nh6 20. Qg3 Qxg3 21. hxg3 dxc4 22. Be4 Ng4 23. Rac1 Ne5 24. Bxb7 Rab8 25. Bf4 {½-½ Ahmad,K (2378)-Xiao,T (2492) Dubai Police Open A 2024 (6.27)}) 11. O-O Ne5 $146 ({RR} 11... d6 12. h3 Nxd4 13. Qxd4 e5 14. Qc3 Be6 15. Bg5 Qe7 16. f4 h6 17. fxe5 dxe5 18. Bxf6 gxf6 19. Kh2 Kh7 20. Rf3 Rg8 21. Raf1 Rg6 22. c5 Rag8 23. R1f2 Qf8 24. b4 Qg7 25. Qd2 Rg3 26. Bf1 {1-0 Szikszai,B (2263)-Blokhin,S (1917) Titled Tue 19th Sep Early 2023 (10)}) ({RR} 11... d6 12. Bg5 Nd7 13. Nxc6 bxc6 14. f4 a5 15. Rf3 f6 16. Bh4 e5 17. f5 Bb7 18. Bf2 Rfc8 19. Bc2 d5 20. cxd5 cxd5 21. Qxc7 Rxc7 22. Bb3 a4 23. Ba2 Kf8 24. exd5 Rc2 25. b3 Bxd5 26. Rd3 {0-1 Golsta,M (1967)-Bucur,D (2063) EU-Cup Online Gr-E (Women) rapid 2020 (1.4)}) 12. Bf4 d6 13. Bxe5 dxe5 14. Nf3 Nd7 15. Rfe1 b6 16. Rac1 Bb7 17. Bb1 Rac8 18. Re3 Rfd8 19. h4 f6 20. b4 Nb8 21. Qb3 Qe7 22. Rd3 Rxd3 23. Qxd3 Rd8 24. Qe3 Qc7 25. c5 bxc5 26. Rxc5 Qd6 27. Ba2 Nd7 28. Rc1 Nf8 29. h5 Qd3 30. Qb6 Bxe4 31. Bxe6+ Kh8 32. Bc4 Qd7 33. Bxa6 Bxf3 34. gxf3 Ne6 35. Bb5 Qe7 36. Ba6 f5 37. Qe3 Nf4 38. Bf1 Qg5+ 39. Kh2 Qxh5+ 40. Kg1 Qg5+ 41. Kh2 h6 42. b5 Qh4+ 43. Kg1 Rd6 44. Rc6 Rd1 0-1